00643 2200217 4500001002300000005001700023006001900040008004100059035002500100040001200125082001400137084001400151090002800165100003300193245007300226260004400299300003100343850001500374990001100389990002500400NBPULOB00000000001092020140716104815.0a ||| | 161121| ||| |  a0010-071400000001326 aNPBULOB0 a398.Rah.c a398.Rah.c a300/ Cerita Anak Dewasa0 aMb. Rahimsyah & Irsyadu Anam00aCerita Rakyat Sulawesi Selatan ( Putri Tadampalik & Si Lidah Hitam ) aSurabayabMitra Cindekia Surabayac2006 a64 HalbIlusc20 x 14,5 cm aKPAD Lobar a12.488 a12.489 / Sumb / 2007